• 首页
  • 本馆介绍
  • 公告通知
  • 最新文献
  • 馆藏检索
  • 电子资源
  • 读者导购
  • 参考咨询
  • 我的图书馆
  • 登录
  • 详细信息显示
  • 放入我的书架
  • 预约/预借图书
  • 作者相关作品
  • 分类相关作品
  • 丛书相关作品
  • 出版社相关作品

书目信息

  • 表格格式
  • 工作单格式
  • 卡片格式
题名:
乡土心路八十年
    
 
作者: 张鸣 著
分册:  
出版信息: 上海   上海三联书店  1997
页数: 226页
开本: 20cm
丛书名:
单 册:
中图分类: K250.7
科图分类: 22.27
主题词: 农民-意识--研究--中国--近代 , 意识-农民--研究--中国--近代
电子资源:
ISBN: 7-5426-1022-8
000 00779nam0 2200241 45
001 0198028870
005 20070710082421.82
010    @a7-5426-1022-8@dCNY11.60
100    @a19980522d1997 em y0chiy0121 ea
101 0  @achi
102    @aCN@b310000
105    @ay z 000yy
200 10 @a乡土心路八十年@Axiang tu xin lu ba shi nian@e中国近代化过程中农民意识的变迁@f张鸣著
210    @a上海@c上海三联书店@d1997
215    @a226页@d20cm
517 1  @a中国近代化过程中农民意识的变迁@Azhong guo jin dai hua guo cheng zhong nong min yi shi de bian qian
606    @a农民-意识@x研究@y中国@z近代
606    @a意识-农民@x研究@y中国@z近代
690    @aK250.7@v3
692    @a22.27@v2
701  0 @a张鸣@Azhang ming@4著
801  0 @aCN@bTSSF@c20070710
905    @a10447@dK250.7@e164
    
    乡土心路八十年:中国近代化过程中农民意识的变迁/张鸣著.-上海:上海三联书店,1997
    226页;20cm
    
    
    ISBN 7-5426-1022-8:CNY11.60
    
●
相关链接 在E读中查询图书 在五车中查询图书 在当当中查询图书 在豆瓣中查询图书


正题名:乡土心路八十年     索取号:K250.7/164         预约/预借

序号 登录号 条形码 馆藏地/架位号 状态 备注
1 0765996   207659960   第二样本阅览室/ [索取号:K250.7/164] 在馆    
唐山师范学院图书馆 欢迎您!
大连网信软件有限公司© 版权所有